Αξιοποίηση και σύγκριση ψηφιακών περιβαλλόντων δημιουργίας κόμικς στη διδασκαλία της γλώσσας : διπλωματική εργασία [μεταπτυχιακή εργασία]

Αποθηκεύτηκε σε:
Λεπτομέρειες βιβλιογραφικής εγγραφής
Κύριος συγγραφέας: Χαλκιά, Σοφία
Συγγραφή απο Οργανισμό/Αρχή: Πανεπιστήμιο Αιγαίου Σχολή Ανθρωπιστικών Επιστημών Παιδαγωγικό Τμήμα Δημοτικής Εκπαίδευσης Πρόγραμμα Μεταπτυχιακών Σπουδών Επιστήμες της Αγωγής - Εκπαίδευση με τη Χρήση Νέων Τεχνολογιών
Μορφή: Thesis Βιβλίο
Γλώσσα:Greek
Δημοσίευση: 2017.
Θέματα:
Διαθέσιμο Online:http://hdl.handle.net/11610/22022
Ετικέτες: Προσθήκη ετικέτας
Δεν υπάρχουν, Καταχωρήστε ετικέτα πρώτοι!

MARC

LEADER 00000cam a2200000 a 4500
001 1/114439
008 170712s2017####gr | ||| |||| ||gre||
040 |a GR-MyUa  |b gre  |c GR-MyUa  |e AACR2 
041 0 |a gre 
082 7 |a 371.33   |2 (23) 
100 1 |a Χαλκιά, Σοφία. 
245 1 0 |a Αξιοποίηση και σύγκριση ψηφιακών περιβαλλόντων δημιουργίας κόμικς στη διδασκαλία της γλώσσας :   |b διπλωματική εργασία [μεταπτυχιακή εργασία] /   |c Χαλκιά Σοφία ; επιβλέπων καθηγητής: Τσολακίδης Κωνσταντίνος.  
260 |c 2017.  
300 |a 190 σ. :   |b πίν., εικ., διαγρ. ;   |c 30 εκ.  
500 |a Υπάρχει ψηφιακό αντίγραφο.  
500 |a Μέλη εξεταστικής επιτροπής: Χριστοδουλίδου Λουΐζα, Σοφός Αλιβίζος.  
502 |a Διατριβή (μεταπτυχιακή) – Πανεπιστήμιο Αιγαίου, Ρόδος, 2017. 
504 |a Βιβλιογραφία: σ. 130-141.  
506 1 |a Διάθεση μόνο λέξεων κλειδιών - περιλήψεων.  
650 0 |a Educational technology. 
650 0 |a Audio-visual education. 
650 0 |a Comic books, strips, etc.  |x Databases. 
650 0 |a Interactive multimedia. 
650 0 |a Digital art  |x Computer programs. 
650 0 |a Greek language, Modern  |x Study and teaching. 
650 0 |a Teaching  |x Aids and devices. 
700 1 |a Τσολακίδης, Κωνσταντίνος,  |e dgs 
710 2 |a Πανεπιστήμιο Αιγαίου  |b Σχολή Ανθρωπιστικών Επιστημών  |b Παιδαγωγικό Τμήμα Δημοτικής Εκπαίδευσης  |b Πρόγραμμα Μεταπτυχιακών Σπουδών Επιστήμες της Αγωγής - Εκπαίδευση με τη Χρήση Νέων Τεχνολογιών. 
852 |a INST  |b RHODES  |c DIATR  |e 20170712  |h 371.33 ΧΑΛ  |p 005400039368  |q 005400039368  |t MTXE  |y 23 
856 |u http://hdl.handle.net/11610/22022 
924 |a Χαλκιά   |b Σοφία   |y Ρόδος  |z 2017-05  
970 |z 12-07-2017